000 00444nam a22001697a 4500
005 20180411114004.0
008 160523b xxu||||| |||| 00| 0 eng d
020 _a0-19-511589-9
041 _aeng
082 _b4205
_a338.9
100 _aMoier, Crerald M& Rauch, James E
_91047
245 _aLeading Inssues in Economics Development
260 _aNew Delhi
_bAcademic Faundation
300 _e566
650 _aManagement
_9241
942 _cBK
999 _c1428
_d1428